Transferencia de calor
Guardat en:
| Autor principal: | |
|---|---|
| Format: | Llibre |
| Idioma: | espanyol |
| Publicat: |
Ciudad de México
McGraw-Hill Interamericana
2004
|
| Edició: | 1a. ed |
| Matèries: | |
| Etiquetes: |
Afegir etiqueta
Sense etiquetes, Sigues el primer a etiquetar aquest registre!
|
MARC
| LEADER | 00000cam a2200000 a 4500 | ||
|---|---|---|---|
| 001 | UCK0618 | ||
| 003 | CL-VaPUC | ||
| 008 | 041015e20040000MX |||||||||||||||||spa|d | ||
| 020 | |a 9701044843 | ||
| 082 | 0 | 4 | |a 536.2 |b CEN |2 21 |
| 100 | 0 | |a Cengel, Yunus A |e author |9 488560 | |
| 245 | 1 | 0 | |a Transferencia de calor |
| 250 | |a 1a. ed | ||
| 300 | |a 793 p | ||
| 942 | |c BK | ||
| 945 | |d 20041015 00:00:00 |a cmena | ||
| 260 | |a Ciudad de México |b McGraw-Hill Interamericana |c 2004 | ||
| 500 | |a Incluye Cd-Rom | ||
| 650 | 0 | |a Calor |9 260253 | |
| 650 | 0 | |a Transferencia de calor |9 336631 | |
| 650 | 7 | |a TERMODINAMCIA |2 CL-VaPUC |9 488561 | |
| 583 | |a last modification |c 20130717 12:09:17 |k Rodrigo Vera | ||
| 999 | |c 310984 |d 310982 | ||
| 952 | |0 0 |1 0 |2 ddc |4 0 |6 536_200000000000000_CEN_2004 |7 0 |8 A |9 380096 |a BIBING |b BIBING |c RES |d 2019-11-21 |i 4072162 |l 1 |o 536.2 CEN 2004 |p 4072162 |r 2025-01-20 |s 2024-09-23 |w 2019-11-21 |y BK |k EIQ | ||
| 952 | |0 0 |1 0 |2 ddc |4 0 |6 536_200000000000000_CEN_2004 |7 0 |8 A |9 380097 |a BIBING |b BIBING |c RES |d 2019-11-21 |i 4072170 |l 2 |o 536.2 CEN 2004 |p 4072170 |r 2025-01-20 |s 2023-03-20 |w 2019-11-21 |y BK |k EIQ | ||
| 952 | |0 0 |1 0 |2 ddc |4 0 |6 536_200000000000000_CEN_2004 |7 0 |8 A |9 380098 |a BIBING |b BIBING |c RES |d 2019-11-21 |i 4072189 |l 2 |o 536.2 CEN 2004 |p 4072189 |r 2025-05-05 |s 2025-05-02 |w 2019-11-21 |y BK |k EIQ | ||
| 952 | |0 0 |1 0 |2 ddc |4 0 |6 536_200000000000000_CEN_2004 |7 0 |8 A |9 380099 |a BIBING |b BIBING |c RES |d 2019-11-21 |i 4072197 |l 1 |o 536.2 CEN 2004 |p 4072197 |r 2025-01-20 |s 2024-06-10 |w 2019-11-21 |y BK |k EIQ | ||
| 952 | |0 0 |1 0 |2 ddc |4 0 |6 536_200000000000000_CEN_2004 |7 0 |8 A |9 380100 |a BIBING |b BIBING |c RES |d 2019-11-21 |i 4072200 |l 4 |o 536.2 CEN 2004 |p 4072200 |r 2025-01-20 |s 2024-09-23 |w 2019-11-21 |y BK |k EIQ | ||
| 952 | |0 0 |1 0 |4 0 |6 536_200000000000000_CEN_2004 |7 0 |8 R |9 380101 |a BIBMEC |b BIBMEC |d 2019-11-21 |i 4072421 |o 536.2 CEN 2004 |p 4072421 |r 2019-11-21 |w 2019-11-21 |y BK_R |k MEC | ||
| 952 | |0 0 |1 0 |2 ddc |4 0 |6 536_200000000000000_CEN_2004 |7 0 |8 A |9 380102 |a BIBMEC |b BIBMEC |d 2019-11-21 |i 4119584 |o 536.2 CEN 2004 |p 4119584 |r 2024-01-19 |w 2019-11-21 |y BK_P |k MEC | ||
| 952 | |0 0 |1 0 |2 ddc |4 0 |6 536_200000000000000_CEN_2004 |7 0 |8 A |9 380103 |a BIBMEC |b BIBMEC |d 2019-11-21 |i 4119592 |o 536.2 CEN 2004 |p 4119592 |r 2024-01-19 |w 2019-11-21 |y BK_P |k MEC | ||
| 952 | |0 0 |1 0 |2 ddc |4 0 |6 536_200000000000000_CEN_2004 |7 0 |8 A |9 380104 |a BIBMEC |b BIBMEC |d 2019-11-21 |i 4119606 |o 536.2 CEN 2004 |p 4119606 |r 2024-01-19 |w 2019-11-21 |y BK_P |k MEC | ||
| 952 | |0 0 |1 0 |2 ddc |4 0 |6 536_200000000000000_CEN_2004 |7 0 |8 A |9 380105 |a BIBMEC |b BIBMEC |d 2019-11-21 |i 4119614 |o 536.2 CEN 2004 |p 4119614 |r 2024-01-19 |w 2019-11-21 |y BK_P |k MEC | ||
| 952 | |0 0 |1 0 |4 0 |6 536_200000000000000_CEN_2004 |7 0 |8 R |9 380106 |a BIBMEC |b BIBMEC |d 2019-11-21 |i 4134052 |o 536.2 CEN 2004 |p 4134052 |r 2019-11-21 |w 2019-11-21 |y BK_R |k MEC | ||
| 952 | |0 0 |1 0 |4 0 |6 536_200000000000000_CEN_2004 |7 0 |8 R |9 380107 |a BIBMEC |b BIBMEC |d 2019-11-21 |i 4134060 |o 536.2 CEN 2004 |p 4134060 |r 2023-08-31 |w 2019-11-21 |y BK_R |k MEC | ||
| 952 | |0 0 |1 0 |4 0 |6 536_200000000000000_CEN_2004 |7 0 |8 R |9 380108 |a BIBMEC |b BIBMEC |d 2019-11-21 |i 4348060 |o 536.2 CEN 2004 |p 4348060 |r 2019-11-21 |w 2019-11-21 |y BK_R |k MEC | ||
| 952 | |0 0 |1 0 |2 ddc |4 0 |6 536_200000000000000_CEN_2004 |7 0 |8 A |9 380109 |a BIBMEC |b BIBMEC |d 2019-11-21 |i 4348079 |l 2 |o 536.2 CEN 2004 |p 4348079 |r 2024-01-19 |s 2023-08-24 |w 2019-11-21 |y BK_P |k MEC | ||
| 952 | |0 0 |1 0 |2 ddc |3 erb |4 0 |6 536_200000000000000_CEN_2004 |7 0 |8 A |9 380110 |a BIBING |b BIBING |c RES |d 2019-11-21 |i 5000645 |l 2 |o 536.2 CEN 2004 |p 5000645 |r 2025-01-20 |s 2024-09-24 |w 2019-11-21 |y BK |z Catalogado en:20130829 |k EIQ | ||